000 00515nam a22001577a 4500
003 macl
005 20211001173231.0
008 211001b |||||||| |||| 00| 0 eng d
040 _cmacl
082 _a891.437/CHA
100 _aचन्‍द्र,डॉ .संसार
_981212
245 _aवे चेहेरे जो नहीं भूलते
260 _aमेरठ
_bअर्चना पब्लिकेशन्‍स
_c2012
650 _aव्‍यंग्‍य
942 _2ddc
_cHIN
999 _c64478
_d64478